000 00632nam a2200217Ia 4500
003 OSt
005 20250918102504.0
008 210719s1985 xx 000 0 und d
040 _cAL
041 _aTulu
082 _aT894.2 ANAB
100 _aANANDA (Pa Kra)
_dಆನಂದ (ಪಾ ಕ್ರಾ)
_9239288
245 _aOnji tali radd sadi
_bಒಂಜಿ ತಾಳಿ ರಡ್ದ್ ಸಾದಿ
260 _aPanja
_c1985
300 _a31
_bPB
365 _b5
_cRs
650 _aTulu Drama
_9239289
650 _a ತುಳು ನಾಟಕ
_9239290
906 _adrama ; Onji ; radd ; sadi ; tali ; Tulu
942 _2ddc
_cBK
999 _c214820
_d214820